|
|
|
|
| LEADER |
00000nab a2200000 ar4500 |
| 001 |
vtls009189003 |
| 003 |
SK-MaSNL |
| 005 |
20260426084827.0 |
| 008 |
250506c2008 xo mr|p|||||||000 b|slo |
| 015 |
|
|
|a SNBRB2008/02
|2 snkbucl
|
| 035 |
|
|
|a (uuid)d044308a-096e-42b7-ba81-b836499baeee
|
| 035 |
|
|
|a urn:nbn:sk:snk-abadcv
|
| 035 |
|
|
|a (urnnbn)urn:nbn:sk:snk:ar-a0ad2l
|
| 038 |
|
|
|a SNKBUCL
|
| 040 |
|
|
|a SNKBUCL
|b slo
|c SNKBUCL
|e AACR2
|
| 041 |
0 |
|
|a slo
|
| 044 |
|
|
|a xo
|c SK
|
| 080 |
|
|
|a 656.08
|x (437.6)
|2 2001
|
| 100 |
1 |
|
|a Rievaj, Vladimír,
|d 1951-
|4 aut
|9 251976
|
| 245 |
1 |
0 |
|a Auto ako zbraň
|b záklaný a pravidelný výcvik vodičov a dopravná nehodovosť
|c Vladimír Rievaj
|
| 300 |
|
|
|b Grafy, tab.
|
| 648 |
|
7 |
|a 2001-2007
|2 snkbucl
|9 319279
|
| 650 |
0 |
7 |
|a dopravné nehody
|2 snkbucl
|9 4151
|
| 651 |
|
7 |
|a Slovensko
|2 snkbucl
|9 14231
|
| 773 |
0 |
|
|t Doprava a logistika
|g Roč. 3., č. 2 (2008), s. 48
|x 1337-0138
|
| 850 |
|
|
|a Slovenská národná knižnica
|
| 852 |
|
|
|a Slovenská národná knižnica
|
| 954 |
|
|
|a odborná, vedecká literatúra pôvodná (slovenská)
|2 lita
|
| 958 |
|
|
|a article14
|
| 958 |
|
|
|a OND
|
| 958 |
|
|
|a SK
|
| 958 |
|
|
|a EUIPO
|
| 999 |
|
|
|c 2945776
|d 2947706
|